New Technology‑Based Firms in the New Millennium

Saved in:
Bibliographic Details
Format: Book
Language:English
Tags: Add Tag
No Tags, Be the first to tag this record!
Call Number :

MARC

LEADER 00000nam a2200000 a 4500
001 104552
003 MY-KLNDU
005 20241220041950.0
008 171115 000 0 eng d
020 |a 9781848557833 
039 9 |y 201711151028  |z helmey 
245 1 |a New Technology‑Based Firms in the New Millennium 
999 |a vtls000060110  |c 104552  |d 104552